| 000 | 00565nam a2200181 i 4500 | ||
|---|---|---|---|
| 001 | 70514 | ||
| 003 | ES-MaACL | ||
| 005 | 20240428063033.0 | ||
| 007 | t| | ||
| 008 | 040727s1976 sp ||||1| spa d | ||
| 100 | 0 |
_aGarcía Velasco, Marcelino, _d1936-2023 _955386 |
|
| 245 | 1 | 0 |
_aMemorias de un tiempo más o menos personal / _cMarcelino García Velasco. |
| 260 |
_aAlgeciras : _b[s.n., _c1976] ( _fTip. Algericeña) |
||
| 300 |
_a62 p. ; _c17 cm. |
||
| 500 | _aPremio Bahia, 1976. | ||
| 852 |
_aES-MaACL _jA-6181 _bR.94716 |
||
| 999 |
_c70514 _d70514 |
||